| 000 | 00424nam a22001697a 4500 | ||
|---|---|---|---|
| 005 | 20260413132424.0 | ||
| 008 | 160613b xxu||||| |||| 00| 0 eng d | ||
| 020 | _a81-7167-461-5 | ||
| 041 | _aeng | ||
| 082 | _a823.912 | ||
| 100 |
_aDoyle, Dr Arthur Conan _91779 |
||
| 245 | _aThe Carebook of Sherlock Holmes | ||
| 260 |
_aNew Delhi _bRupa & Co. _c2003 |
||
| 300 | _a217 | ||
| 650 |
_aenglish fiction _98925 |
||
| 942 | _cBK | ||
| 999 |
_c2501 _d2500 |
||